| 000 | 00466nam a22001697a 4500 | ||
|---|---|---|---|
| 003 | SGT | ||
| 020 | _a9788173192692 | ||
| 082 | _a512.02 | ||
| 100 | _aGALLIAN, JOSEPH A. | ||
| 245 | _aCONTEMPORARY ABSTRACT ALGEBRA | ||
| 250 | _a4TH | ||
| 260 |
_aNEW DELHI _bNAROSA PUBLISHING HOUSE _c1999 |
||
| 300 | _a583 | ||
| 650 | _aALGEBRA | ||
| 653 | _aINEGERS AND EQUIVALENCE RELATIONS , GROUPS, FINITE GROUPS SUBGROUPS, CYCLIC GROUPS SUBGROUPS | ||
| 942 |
_2ddc _cFPS _09 |
||
| 999 |
_c9317 _d9317 |
||